000 00489pab a2200181 454500
008 180718b1979 xxu||||| |||| 00| 0 eng d
245 _aAccess to official information (Document)
260 _c1979
300 _ap.1280-1283.
362 _aOct-Dec
650 _aDocument
650 _aPublic information - Canada
650 _aOfficial publications - Canada
650 _aOfficial publications
773 _aIndian Journal of Public Administration
908 _aN
909 _a88437
999 _c88437
_d88437